Qui habite ici ? - 4 - - Statistiques

Statistiques générales
  • Ce quiz a été pris 49 fois
  • Le résultat moyen est 7 sur 15
Statistiques - réponses
Hint Réponse % Correct
Palais de Buckingham Roi d'Angleterre
97%
Kremlin Président russe
95%
Villa Somalia Président somalien
87%
Rashtrapati Bjavan Président indien
72%
Palais Koniecpolski Président polonais
67%
Palais de Bélem Président portugais
62%
Palais de la Révolution Président cubain
51%
La Moneda Présent mexicain
38%
Palais d'Ak Orda Président kazakhstanais
36%
Urugwiro village Président rwandais
33%
Muliaage Président maldivien
21%
Prezidentura Président lituanien
18%
Palais de Malacanan Président philippin
18%
Palais Carondelet Président équatorien
15%
Tour exécutive Président uruguayen
5%
Aucun quiz correspondant
Distribution des résultats
% des personnes avec chaque résultat
Percentile par nombre de réponses
Votre historique - résultats
Vous n’avez pas pris ce quiz